000 00304nam a22001337a 4500
003 SGT
082 _a616.01
_bC16M
100 _aMAHESHWARI, NANDA
245 _aCLINICAL MICROBIOLOGY & PARASITOLOGY FOR DMLT
260 _aINDIA
_bJAYPEE
_c2016
300 _a498
650 _aMLT
942 _2ddc
_cBK
_04
999 _c13643
_d13643